书目信息 |
| 题名: |
哈佛情商课全集
|
|
| 作者: | 徐宪江 著 | |
| 分册: | ||
| 出版信息: | 北京 中国城市出版社 2011.04 |
|
| 页数: | 258页 | |
| 开本: | 24cm | |
| 丛书名: | ||
| 单 册: | ||
| 中图分类: | B842.6 | |
| 科图分类: | ||
| 主题词: | 情商--通俗读物 , 情商 | |
| 电子资源: | ||
| ISBN: | 978-7-5074-2395-2 | |
| 000 | 00908nam0 2200265 450 | |
| 001 | 010000000972 | |
| 005 | 20120321100459.73 | |
| 010 | @a978-7-5074-2395-2@dCNY28.00 | |
| 100 | @a20110324d2011 em y0chiy50 ea | |
| 101 | 0 | @achi |
| 102 | @aCN@b110000 | |
| 105 | @ay z 000yy | |
| 106 | @ar | |
| 200 | 1 | @a哈佛情商课全集@9ha fo qing shang ke quan ji@e超值珍藏版@f徐宪江著 |
| 210 | @a北京@c中国城市出版社@d2011.04 | |
| 215 | @a258页@d24cm | |
| 312 | @a封面英文题名:EQ curriculum of harvard | |
| 330 | @a本书结合哈佛大学在情商方面的成功案例,并以诸多寓意深刻的故事,深入浅出地阐述了情商理论,揭示了哈佛精英成功的秘密,让没上过哈佛的你也能成为哈佛情商的最大受益者。 | |
| 510 | 1 | @aEQ curriculum of harvard@zeng |
| 606 | 0 | @a情商@j通俗读物 |
| 606 | 0 | @a情商 |
| 690 | @aB842.6@v4 | |
| 701 | 0 | @a徐宪江@9xu xian jiang@4著 |
| 801 | 0 | @aCN@bRENTIAN@c20110324 |
| 905 | @b539110-14@dB842.6@e1066@f5 | |
| 哈佛情商课全集:超值珍藏版/徐宪江著.-北京:中国城市出版社,2011.04 |
| 258页;24cm |
| ISBN 978-7-5074-2395-2:CNY28.00 |
| 本书结合哈佛大学在情商方面的成功案例,并以诸多寓意深刻的故事,深入浅出地阐述了情商理论,揭示了哈佛精英成功的秘密,让没上过哈佛的你也能成为哈佛情商的最大受益者。 |
| ● |
| 相关链接 |
|
|
|
|
正题名:哈佛情商课全集
索取号:B842.6/1066
 
预约/预借
| 序号 | 登录号 | 条形码 | 馆藏地/架位号 | 状态 | 备注 |
| 1 | 539110 | 205391100 | 第一样本阅览室/ [索取号:B842.6/1066] | 在馆 | |
| 2 | 539111 | 205391119 | 第一借阅区/ [索取号:B842.6/1066] | 在馆 | |
| 3 | 539112 | 205391128 | 第一借阅区/ [索取号:B842.6/1066] | 在馆 | |
| 4 | 539113 | 205391137 | 第一借阅区/ [索取号:B842.6/1066] | 在馆 | |
| 5 | 539114 | 205391146 | 第一借阅区/ [索取号:B842.6/1066] | 在馆 |